Diversification and cost competitiveness: a study of ordnance factories (Record no. 476084)

000 -LEADER
fixed length control field 00460cam a22001457a 4500
008 - FIXED-LENGTH DATA ELEMENTS--GENERAL INFORMATION
fixed length control field 180718b1993 xxu||||| |||| 00| 0 eng d
082 ## - DEWEY DECIMAL CLASSIFICATION NUMBER
Classification number APPPA 1992-93 GUM
100 ## - MAIN ENTRY--PERSONAL NAME
Personal name Gumber, Raman
245 ## - TITLE STATEMENT
Title Diversification and cost competitiveness: a study of ordnance factories
Statement of responsibility, etc. by Raman, Gumber
260 ## - PUBLICATION, DISTRIBUTION, ETC.
Place of publication, distribution, etc. New Delhi
Name of publisher, distributor, etc. Indian Institute of Public Administration
Date of publication, distribution, etc. 1993
300 ## - PHYSICAL DESCRIPTION
Extent 60p.
500 ## - GENERAL NOTE
General note APPPA Thesis 1992-93
650 ## - SUBJECT ADDED ENTRY--TOPICAL TERM
Topical term or geographic name entry element APPPA
650 ## - SUBJECT ADDED ENTRY--TOPICAL TERM
Topical term or geographic name entry element Factories
Holdings
Withdrawn status Lost status Damaged status Not for loan Permanent Location Current Location Date acquired Full call number Barcode Date last seen Price effective from Koha item type
        Indian Institute of Public Administration Indian Institute of Public Administration 2018-08-04 APPPA 1992-93 GUM GR12817 2018-08-04 2018-08-04 GR

Powered by Koha